Kế toán tài chính

Đã lưu trong:
書目詳細資料
主要作者: Bùi, Văn Dương
格式: 圖書
語言:Undetermined
出版: Hà Nội Thống Kê 2004
主題:
標簽: 添加標簽
沒有標簽, 成為第一個標記此記錄!
Thư viện lưu trữ: Trung tâm Học liệu Trường Đại học Cần Thơ
LEADER 00500nam a2200193Ia 4500
001 CTU_64675
008 210402s9999 xx 000 0 und d
020 |b 120000 
082 |a 657.4 
082 |b D561 
100 |a Bùi, Văn Dương 
245 0 |a Kế toán tài chính 
245 0 |c Bùi Văn Dương 
260 |a Hà Nội 
260 |b Thống Kê 
260 |c 2004 
650 |a Accounting 
904 |i Minh 
980 |a Trung tâm Học liệu Trường Đại học Cần Thơ